[Event "5. Torneo ITT Espacio ENDESA 2009"]
[Site "Santiago de Chile CHI"]
[Date "2009.11.14"]
[Round "1.2"]
[White "Ricardi, Pablo"]
[Black "Arancibia Guzman, Eduardo"]
[Result "1-0"]
[WhiteElo "2503"]
[BlackElo "2391"]
[PlyCount "61"]
[EventDate "2009.11.14"]
[EventType "tourn"]
[EventRounds "9"]
[EventCountry "CHI"]
[EventCategory "6"]
[Source "lmi"]
[SourceDate "2009.11.14"]

1. e4 c5 2. Nf3 e6 3. c3 Nf6 4. e5 Nd5 5. d4 cxd4 6. cxd4 Be7 7. Nc3 Nxc3 8.
bxc3 b6 9. Bd3 Ba6 10. h4 Bxd3 11. Qxd3 d5 12. exd6 Qxd6 13. Ne5 Nd7 14. Bf4
Qd5 15. O-O O-O 16. c4 Qb7 17. d5 exd5 18. cxd5 Bxh4 19. Nc6 Bf6 20. Rac1 Nc5
21. Qf3 Qd7 22. Rfd1 Rfe8 23. Be3 Ne4 24. d6 Rac8 25. Qh3 Qxh3 26. gxh3 Ra8 27.
d7 Rf8 28. Bf4 Bd8 29. f3 Ng5 30. Nxd8 Nxh3+ 31. Kh2 1-0

[Event "5. Torneo ITT Espacio ENDESA 2009"]
[Site "Santiago de Chile CHI"]
[Date "2009.11.14"]
[Round "1.3"]
[White "Valiente, Cristobal"]
[Black "Alonso, Salvador"]
[Result "1/2-1/2"]
[WhiteElo "2240"]
[BlackElo "2506"]
[PlyCount "26"]
[EventDate "2009.11.14"]
[EventType "tourn"]
[EventRounds "9"]
[EventCountry "CHI"]
[EventCategory "6"]
[Source "lmi"]
[SourceDate "2009.11.14"]

1. Nf3 Nf6 2. g3 d5 3. Bg2 c6 4. O-O Bg4 5. d3 Nbd7 6. Nbd2 e6 7. e4 Bc5 8. Qe2
dxe4 9. Nxe4 Be7 10. Bf4 O-O 11. h3 Bh5 12. Rfe1 Nxe4 13. dxe4 e5 1/2-1/2

[Event "5. Torneo ITT Espacio ENDESA 2009"]
[Site "Santiago de Chile CHI"]
[Date "2009.11.15"]
[Round "2.1"]
[White "Sepulveda Herrera, Job Rodrigo"]
[Black "Valenzuela Fuentealba, Luis"]
[Result "0-1"]
[WhiteElo "2354"]
[BlackElo "2477"]
[PlyCount "78"]
[EventDate "2009.11.14"]
[EventType "tourn"]
[EventRounds "9"]
[EventCountry "CHI"]
[EventCategory "6"]
[Source "lmi"]
[SourceDate "2009.11.14"]

1. d4 Nf6 2. Bf4 d5 3. e3 g6 4. Nf3 Bg7 5. Be2 c5 6. c3 Nc6 7. Nbd2 Qb6 8. Qc1
O-O 9. O-O Bf5 10. Nh4 Be6 11. a4 Rac8 12. a5 Qd8 13. dxc5 Nxa5 14. b4 Nc6 15.
Bb5 Nh5 16. Bg3 Nxg3 17. hxg3 a5 18. Bxc6 Rxc6 19. Rxa5 b6 20. Ra6 Qc8 21. Rxb6
Rxb6 22. cxb6 Qxc3 23. Qxc3 Bxc3 24. Nb3 Bxb4 25. Nd4 Rb8 26. Nc6 Rxb6 27. Nxb4
Rxb4 28. Ra1 Kg7 29. Nf3 Bf5 30. Rd1 Rb1 31. Rxb1 Bxb1 32. Nd4 Kf6 33. g4 e5
34. Nc6 g5 35. f3 Ke6 36. Kf2 Kd6 37. Na5 Bc2 38. Ke2 Kc7 39. Kd2 Kb6 0-1

[Event "5. Torneo ITT Espacio ENDESA 2009"]
[Site "Santiago de Chile CHI"]
[Date "2009.11.15"]
[Round "2.2"]
[White "Llorens Sepulveda, Marcelo"]
[Black "Garcia Cardenas, Pablo"]
[Result "0-1"]
[WhiteElo "2347"]
[BlackElo "2306"]
[PlyCount "80"]
[EventDate "2009.11.14"]
[EventType "tourn"]
[EventRounds "9"]
[EventCountry "CHI"]
[EventCategory "6"]
[Source "lmi"]
[SourceDate "2009.11.14"]

1. d4 Nf6 2. e3 e6 3. Bd3 c5 4. c3 b6 5. Qe2 Bb7 6. f4 Qc7 7. Nf3 cxd4 8. exd4
Nc6 9. O-O Be7 10. a4 Rc8 11. Be3 O-O 12. Nbd2 Rfe8 13. Rae1 Bf8 14. Ne5 Ne7
15. Ndf3 d6 16. Ng5 Nf5 17. Nexf7 h6 18. Nxe6 Rxe6 19. Bxf5 Qxf7 20. Bxe6 Qxe6
21. f5 Qd5 22. Qf2 Ba6 23. Qg3 Bxf1 24. Rxf1 Qa2 25. Bc1 Re8 26. h3 Qxa4 27.
Bxh6 Qb3 28. Bc1 a5 29. Qg6 Qf7 30. Qg3 b5 31. Bf4 Re2 32. Bxd6 Rxb2 33. Bxf8
Qxf8 34. Ra1 a4 35. c4 Qb4 36. Qb8+ Kh7 37. Qxb5 Qd2 38. Qc6 Qxd4+ 39. Kh1 Rxg2
40. Qxa4 Qf2 0-1

[Event "5. Torneo ITT Espacio ENDESA 2009"]
[Site "Santiago de Chile CHI"]
[Date "2009.11.15"]
[Round "2.3"]
[White "Alonso, Salvador"]
[Black "Diaz Villagran, Robert"]
[Result "1/2-1/2"]
[WhiteElo "2506"]
[BlackElo "2281"]
[PlyCount "34"]
[EventDate "2009.11.14"]
[EventType "tourn"]
[EventRounds "9"]
[EventCountry "CHI"]
[EventCategory "6"]
[Source "lmi"]
[SourceDate "2009.11.14"]

1. d4 Nf6 2. Nf3 g6 3. c4 Bg7 4. Nc3 d6 5. Bg5 Nbd7 6. e3 c6 7. Be2 O-O 8. O-O
h6 9. Bh4 g5 10. Bg3 Nh5 11. Qc2 Nxg3 12. hxg3 f5 13. Bd3 e6 14. Rfe1 Nf6 15.
e4 Ng4 16. Rad1 Bd7 17. d5 f4 1/2-1/2

[Event "5. Torneo ITT Espacio ENDESA 2009"]
[Site "Santiago de Chile CHI"]
[Date "2009.11.15"]
[Round "2.4"]
[White "Arancibia Guzman, Eduardo"]
[Black "Valiente, Cristobal"]
[Result "1/2-1/2"]
[WhiteElo "2391"]
[BlackElo "2240"]
[PlyCount "137"]
[EventDate "2009.11.14"]
[EventType "tourn"]
[EventRounds "9"]
[EventCountry "CHI"]
[EventCategory "6"]
[Source "lmi"]
[SourceDate "2009.11.14"]

1. d4 g6 2. Nf3 Bg7 3. c4 d6 4. Nc3 Nf6 5. Bg5 O-O 6. e3 h6 7. Bh4 c5 8. Be2 g5
9. Bg3 Nh5 10. dxc5 dxc5 11. Qxd8 Rxd8 12. Bc7 Rd7 13. Bxb8 Rxb8 14. Nxg5 hxg5
15. Bxh5 b6 16. Rd1 Rxd1+ 17. Kxd1 b5 18. cxb5 Bxc3 19. bxc3 Rxb5 20. Kc1 Bf5
21. Rd1 Rb1+ 22. Kd2 Rb2+ 23. Ke1 Be6 24. a4 Ra2 25. Rd8+ Kg7 26. Bd1 Ra1 27.
Ke2 Ra3 28. Ra8 Bc4+ 29. Kd2 Ra2+ 30. Ke1 Ra1 31. Rb8 Bd5 32. f3 Bc6 33. Ke2
Bxa4 34. Bxa4 Rxa4 35. Rb5 Ra2+ 36. Kf1 a5 37. Rxc5 Kf6 38. c4 a4 39. Ra5 a3
40. Ra6+ Ke5 41. c5 Rc2 42. Rxa3 Rxc5 43. Kf2 Kf6 44. Ra2 e6 45. f4 gxf4 46.
exf4 Kf5 47. g3 f6 48. Kg2 e5 49. fxe5 Rxe5 50. Rf2+ Kg6 51. h4 Ra5 52. Kh3 Rb5
53. Rf4 f5 54. Ra4 Rb2 55. Ra6+ Kh5 56. Ra5 Kg6 57. Ra1 Rc2 58. Rg1 Kh5 59. Rf1
Kg6 60. Rf4 Ra2 61. Rb4 Rc2 62. Rb8 Ra2 63. Rf8 Rb2 64. h5+ Kxh5 65. Rxf5+ Kg6
66. Ra5 Rb6 67. Kh4 Rc6 68. g4 Rb6 69. Ra8 1/2-1/2

[Event "5. Torneo ITT Espacio ENDESA 2009"]
[Site "Santiago de Chile CHI"]
[Date "2009.11.15"]
[Round "2.5"]
[White "Felgaer, Ruben"]
[Black "Ricardi, Pablo"]
[Result "1-0"]
[WhiteElo "2573"]
[BlackElo "2503"]
[PlyCount "79"]
[EventDate "2009.11.14"]
[EventType "tourn"]
[EventRounds "9"]
[EventCountry "CHI"]
[EventCategory "6"]
[Source "lmi"]
[SourceDate "2009.11.14"]

1. e4 c5 2. Nc3 g6 3. d4 cxd4 4. Qxd4 Nf6 5. Bb5 Nc6 6. Bxc6 bxc6 7. e5 Nh5 8.
Nf3 Qb6 9. Qh4 Ba6 10. b3 Ng7 11. Na4 Qc7 12. Bb2 c5 13. O-O-O Ne6 14. Rhe1 c4
15. Kb1 Rc8 16. Nc3 Bb7 17. Nd2 cxb3 18. axb3 Bg7 19. Nc4 Qb8 20. Nd5 Bxd5 21.
Rxd5 h6 22. Ba3 g5 23. Qe4 Nc7 24. Rd3 Nb5 25. Bb2 e6 26. Red1 Rd8 27. h4 Bf8
28. Nd6+ Nxd6 29. exd6 f5 30. Qe2 Rh7 31. Qh5+ Rf7 32. hxg5 hxg5 33. Qxg5 Qb6
34. R1d2 Rc8 35. Qg6 Qb4 36. Re2 Rc6 37. Rxe6+ dxe6 38. d7+ Kd8 39. Qxf7 Be7
40. Qe8+ 1-0

[Event "5. Torneo ITT Espacio ENDESA 2009"]
[Site "Santiago de Chile CHI"]
[Date "2009.11.16"]
[Round "3.1"]
[White "Ricardi, Pablo"]
[Black "Sepulveda Herrera, Job Rodrigo"]
[Result "1-0"]
[WhiteElo "2503"]
[BlackElo "2354"]
[PlyCount "65"]
[EventDate "2009.11.14"]
[EventType "tourn"]
[EventRounds "9"]
[EventCountry "CHI"]
[EventCategory "6"]
[Source "lmi"]
[SourceDate "2009.11.14"]

1. e4 g6 2. d4 Bg7 3. Nf3 c6 4. Be2 d5 5. Nc3 dxe4 6. Nxe4 Bf5 7. Ng3 Bg4 8. c3
Nf6 9. O-O O-O 10. Re1 Nbd7 11. h3 Bxf3 12. Bxf3 Re8 13. Bf4 Nd5 14. Bg5 h6 15.
Bd2 e5 16. Bxd5 cxd5 17. Qb3 exd4 18. Qxd5 dxc3 19. Bxc3 Bxc3 20. bxc3 Qc7 21.
Ne4 Re6 22. Rad1 Nf8 23. Re3 Nh7 24. c4 Nf6 25. Qxe6 fxe6 26. Nxf6+ Kf8 27. Rd7
Qa5 28. Rf3 Rd8 29. Nd5+ Kg8 30. Ne7+ Kh8 31. Nxg6+ Kg8 32. Rxd8+ Kg7 33. Nf4
1-0

[Event "5. Torneo ITT Espacio ENDESA 2009"]
[Site "Santiago de Chile CHI"]
[Date "2009.11.16"]
[Round "3.2"]
[White "Valiente, Cristobal"]
[Black "Felgaer, Ruben"]
[Result "0-1"]
[WhiteElo "2240"]
[BlackElo "2573"]
[PlyCount "90"]
[EventDate "2009.11.14"]
[EventType "tourn"]
[EventRounds "9"]
[EventCountry "CHI"]
[EventCategory "6"]
[Source "lmi"]
[SourceDate "2009.11.14"]

1. e4 c5 2. Nf3 Nc6 3. Bc4 e6 4. O-O Nf6 5. d3 Be7 6. c3 d5 7. exd5 exd5 8. Bb3
Bg4 9. Re1 O-O 10. h3 Bh5 11. Nbd2 Bd6 12. Nf1 h6 13. Ng3 Bg6 14. Nh4 Bh7 15.
Nhf5 Bc7 16. d4 cxd4 17. cxd4 Qd7 18. Ne3 Bxg3 19. fxg3 Rfe8 20. Bd2 Re6 21.
Bc3 Rae8 22. Qf3 Be4 23. Qf2 b5 24. a3 a5 25. Nf1 Qb7 26. g4 Qb6 27. Rad1 b4
28. axb4 axb4 29. Bd2 Qb5 30. Rc1 Ra8 31. Be3 Na5 32. Bd1 b3 33. Nd2 Rae8 34.
Bf4 Qb4 35. Rc3 Bg6 36. Rxe6 Rxe6 37. Be5 Nc4 38. Bxb3 Nxe5 39. dxe5 Rxe5 40.
Nf3 Re8 41. Re3 Ne4 42. Qe1 Qb6 43. Kh2 d4 44. Ba4 dxe3 45. Bxe8 Qb8+ 0-1

[Event "5. Torneo ITT Espacio ENDESA 2009"]
[Site "Santiago de Chile CHI"]
[Date "2009.11.16"]
[Round "3.4"]
[White "Garcia Cardenas, Pablo"]
[Black "Alonso, Salvador"]
[Result "0-1"]
[WhiteElo "2306"]
[BlackElo "2506"]
[PlyCount "48"]
[EventDate "2009.11.14"]
[EventType "tourn"]
[EventRounds "9"]
[EventCountry "CHI"]
[EventCategory "6"]
[Source "lmi"]
[SourceDate "2009.11.14"]

1. c4 Nf6 2. Nf3 c6 3. d4 d5 4. cxd5 cxd5 5. Nc3 Nc6 6. Bf4 a6 7. e3 Bg4 8. Qb3
Na5 9. Qc2 Bxf3 10. gxf3 e6 11. Bd3 Rc8 12. Rc1 b5 13. a4 b4 14. Bxa6 bxc3 15.
Bxc8 Qxc8 16. O-O Nh5 17. Qd3 Qc4 18. Qxc3 Nxf4 19. exf4 Qxc3 20. Rxc3 Kd7 21.
Rfc1 Bd6 22. f5 Rb8 23. fxe6+ fxe6 24. R1c2 Nb3 0-1

[Event "5. Torneo ITT Espacio ENDESA 2009"]
[Site "Santiago de Chile CHI"]
[Date "2009.11.16"]
[Round "3.5"]
[White "Valenzuela Fuentealba, Luis"]
[Black "Llorens Sepulveda, Marcelo"]
[Result "1-0"]
[WhiteElo "2477"]
[BlackElo "2347"]
[PlyCount "41"]
[EventDate "2009.11.14"]
[EventType "tourn"]
[EventRounds "9"]
[EventCountry "CHI"]
[EventCategory "6"]
[Source "lmi"]
[SourceDate "2009.11.14"]

1. d4 Nf6 2. Nf3 c5 3. d5 g6 4. Nc3 d6 5. e4 Bg7 6. Bb5+ Nfd7 7. a4 O-O 8. O-O
Na6 9. Re1 Nc7 10. Bf1 a6 11. a5 Nb5 12. Nb1 f5 13. exf5 Rxf5 14. Nbd2 Qf8 15.
c3 Kh8 16. Ne4 Nf6 17. Bc4 Nxe4 18. Rxe4 Qf6 19. Qe2 e5 20. dxe6 d5 21. e7 1-0

[Event "5. Torneo ITT Espacio ENDESA 2009"]
[Site "Santiago de Chile CHI"]
[Date "2009.11.17"]
[Round "4.1"]
[White "Sepulveda Herrera, Job Rodrigo"]
[Black "Llorens Sepulveda, Marcelo"]
[Result "1/2-1/2"]
[WhiteElo "2354"]
[BlackElo "2347"]
[PlyCount "22"]
[EventDate "2009.11.14"]
[EventType "tourn"]
[EventRounds "9"]
[EventCountry "CHI"]
[EventCategory "6"]
[Source "lmi"]
[SourceDate "2009.11.14"]

1. e4 e6 2. d3 d5 3. Nd2 c5 4. Ngf3 Nc6 5. g3 Nf6 6. Bg2 Be7 7. O-O Qc7 8. Re1
b6 9. c3 Bb7 10. a3 dxe4 11. dxe4 O-O-O 1/2-1/2

[Event "5. Torneo ITT Espacio ENDESA 2009"]
[Site "Santiago de Chile CHI"]
[Date "2009.11.17"]
[Round "4.2"]
[White "Alonso, Salvador"]
[Black "Valenzuela Fuentealba, Luis"]
[Result "1/2-1/2"]
[WhiteElo "2506"]
[BlackElo "2477"]
[PlyCount "46"]
[EventDate "2009.11.14"]
[EventType "tourn"]
[EventRounds "9"]
[EventCountry "CHI"]
[EventCategory "6"]
[Source "lmi"]
[SourceDate "2009.11.14"]

1. e4 c5 2. Nf3 d6 3. d4 cxd4 4. Nxd4 Nf6 5. Nc3 a6 6. Be2 e5 7. Nb3 Be7 8. Bg5
Be6 9. Bxf6 Bxf6 10. Qd3 Nc6 11. O-O-O Be7 12. Nd5 Bg5+ 13. Kb1 O-O 14. h4 Bxh4
15. g3 Bf6 16. Qf3 Bg5 17. Qh5 h6 18. f4 Bf6 19. Ne3 Qb6 20. Ng4 Bxg4 21. Qxg4
Rfd8 22. Rxh6 Kf8 23. Rh7 Qe3 1/2-1/2

[Event "5. Torneo ITT Espacio ENDESA 2009"]
[Site "Santiago de Chile CHI"]
[Date "2009.11.17"]
[Round "4.3"]
[White "Arancibia Guzman, Eduardo"]
[Black "Garcia Cardenas, Pablo"]
[Result "1/2-1/2"]
[WhiteElo "2391"]
[BlackElo "2306"]
[PlyCount "90"]
[EventDate "2009.11.14"]
[EventType "tourn"]
[EventRounds "9"]
[EventCountry "CHI"]
[EventCategory "6"]
[Source "lmi"]
[SourceDate "2009.11.14"]

1. Nf3 Nf6 2. c4 e6 3. g3 b6 4. Bg2 Bb7 5. O-O c5 6. Nc3 Be7 7. b3 d5 8. e3 O-O
9. Bb2 Nc6 10. cxd5 Nxd5 11. Nxd5 Qxd5 12. d4 Rfd8 13. Ne5 Qd6 14. Qf3 Nxe5 15.
Qxb7 Nd3 16. Ba3 a5 17. Qxa8 Rxa8 18. Bxa8 Nb4 19. Bxb4 axb4 20. dxc5 bxc5 21.
Rfd1 Qa6 22. Bg2 h5 23. Rd2 f5 24. Rad1 Kh7 25. Bf1 Qa8 26. Bc4 e5 27. Rd5 Bf6
28. R1d2 Qc6 29. Bd3 Kg6 30. e4 Kh6 31. Rc2 Qa8 32. Rcxc5 Qxa2 33. Rc8 h4 34.
exf5 Qxb3 35. Be4 Kg5 36. Kg2 Qa2 37. Rc2 Qa1 38. Rd3 h3+ 39. Kf3 Qh1+ 40. Ke3
Qe1+ 41. Re2 Qc1+ 42. Rdd2 Qc3+ 43. Rd3 Qc1+ 44. Kf3 Qh1+ 45. Ke3 Qc1+ 1/2-1/2

[Event "5. Torneo ITT Espacio ENDESA 2009"]
[Site "Santiago de Chile CHI"]
[Date "2009.11.17"]
[Round "4.4"]
[White "Felgaer, Ruben"]
[Black "Diaz Villagran, Robert"]
[Result "1-0"]
[WhiteElo "2573"]
[BlackElo "2281"]
[PlyCount "69"]
[EventDate "2009.11.14"]
[EventType "tourn"]
[EventRounds "9"]
[EventCountry "CHI"]
[EventCategory "6"]
[Source "lmi"]
[SourceDate "2009.11.14"]

1. d4 Nf6 2. Nc3 d5 3. Bg5 g6 4. Bxf6 exf6 5. e3 Be6 6. Bd3 c6 7. Nge2 Qd7 8.
O-O Bg7 9. e4 O-O 10. exd5 Bxd5 11. Nxd5 Qxd5 12. c3 Nd7 13. Bc2 Qd6 14. Ng3 f5
15. Qf3 Qf6 16. Rfe1 Rfe8 17. Qf4 Rec8 18. Re2 Nf8 19. Bb3 Rd8 20. Rae1 Rd7 21.
h3 Qd8 22. Nf1 Bf6 23. Nh2 Bg5 24. Qg3 Bh4 25. Qd3 h5 26. Nf3 Bf6 27. Ne5 Bxe5
28. Rxe5 Qf6 29. Qe3 Kg7 30. Re7 f4 31. Qe4 Rxe7 32. Qxe7 Nh7 33. Qxb7 Rf8 34.
Qxa7 f3 35. Qe7 1-0

[Event "5. Torneo ITT Espacio ENDESA 2009"]
[Site "Santiago de Chile CHI"]
[Date "2009.11.17"]
[Round "4.5"]
[White "Ricardi, Pablo"]
[Black "Valiente, Cristobal"]
[Result "1-0"]
[WhiteElo "2503"]
[BlackElo "2240"]
[PlyCount "55"]
[EventDate "2009.11.14"]
[EventType "tourn"]
[EventRounds "9"]
[EventCountry "CHI"]
[EventCategory "6"]
[Source "lmi"]
[SourceDate "2009.11.14"]

1. e4 c5 2. Nf3 e6 3. d4 cxd4 4. Nxd4 a6 5. Be2 Nf6 6. Nc3 d6 7. O-O Be7 8. f4
Qc7 9. Kh1 O-O 10. Bf3 Nc6 11. Nxc6 bxc6 12. Qe1 e5 13. f5 Bb7 14. g4 d5 15. g5
Nxe4 16. Nxe4 dxe4 17. Qxe4 Rab8 18. f6 Bd6 19. fxg7 Rfe8 20. Qh4 e4 21. g6
fxg6 22. Be2 Bc8 23. Rf8+ Bxf8 24. gxf8=Q+ Rxf8 25. Bc4+ Kh8 26. Bd2 h5 27. Qg5
Be6 28. Qh6+ 1-0

[Event "5. Torneo ITT Espacio ENDESA 2009"]
[Site "Santiago de Chile CHI"]
[Date "2009.11.18"]
[Round "5.1"]
[White "Valiente, Cristobal"]
[Black "Sepulveda Herrera, Job Rodrigo"]
[Result "1/2-1/2"]
[WhiteElo "2240"]
[BlackElo "2354"]
[PlyCount "22"]
[EventDate "2009.11.14"]
[EventType "tourn"]
[EventRounds "9"]
[EventCountry "CHI"]
[EventCategory "6"]
[Source "lmi"]
[SourceDate "2009.11.14"]

1. Nf3 b6 2. e4 Bb7 3. Nc3 e6 4. d4 Bb4 5. Bd3 Nf6 6. Qe2 d5 7. e5 Ne4 8. Bd2
Nxd2 9. Qxd2 Ba6 10. O-O Bxd3 11. Qxd3 Bxc3 1/2-1/2

[Event "5. Torneo ITT Espacio ENDESA 2009"]
[Site "Santiago de Chile CHI"]
[Date "2009.11.18"]
[Round "5.2"]
[White "Diaz Villagran, Robert"]
[Black "Ricardi, Pablo"]
[Result "0-1"]
[WhiteElo "2281"]
[BlackElo "2503"]
[PlyCount "44"]
[EventDate "2009.11.14"]
[EventType "tourn"]
[EventRounds "9"]
[EventCountry "CHI"]
[EventCategory "6"]
[Source "lmi"]
[SourceDate "2009.11.14"]

1. e4 c5 2. c3 d5 3. exd5 Qxd5 4. d4 Nf6 5. Nf3 cxd4 6. cxd4 g6 7. Nc3 Qd8 8.
Bc4 Bg7 9. Qa4+ Bd7 10. Qb3 O-O 11. Ne5 Be8 12. Be3 Nc6 13. Qxb7 Nxe5 14. dxe5
Ng4 15. Qe4 Nxe3 16. fxe3 Rc8 17. O-O e6 18. Bb5 Rxc3 19. Bxe8 Rc5 20. Ba4 Rxe5
21. Qb7 Rxe3 22. Qxa7 Bd4 0-1

[Event "5. Torneo ITT Espacio ENDESA 2009"]
[Site "Santiago de Chile CHI"]
[Date "2009.11.18"]
[Round "5.3"]
[White "Garcia Cardenas, Pablo"]
[Black "Felgaer, Ruben"]
[Result "0-1"]
[WhiteElo "2306"]
[BlackElo "2573"]
[PlyCount "52"]
[EventDate "2009.11.14"]
[EventType "tourn"]
[EventRounds "9"]
[EventCountry "CHI"]
[EventCategory "6"]
[Source "lmi"]
[SourceDate "2009.11.14"]

1. e4 c5 2. Nf3 Nc6 3. d4 cxd4 4. Nxd4 g6 5. c4 Bg7 6. Be3 Nf6 7. Nc3 O-O 8.
Be2 d6 9. O-O Bd7 10. Re1 Nxd4 11. Bxd4 Bc6 12. Bd3 a5 13. Bc2 Nd7 14. Bxg7
Kxg7 15. Qd4+ Kg8 16. Rad1 a4 17. b4 axb3 18. axb3 Qa5 19. Nd5 Bxd5 20. exd5
Rfe8 21. Ra1 Qb4 22. Qe3 b5 23. h4 bxc4 24. bxc4 Rxa1 25. Rxa1 Qxc4 26. Ba4 Ra8
0-1

[Event "5. Torneo ITT Espacio ENDESA 2009"]
[Site "Santiago de Chile CHI"]
[Date "2009.11.18"]
[Round "5.4"]
[White "Valenzuela Fuentealba, Luis"]
[Black "Arancibia Guzman, Eduardo"]
[Result "1-0"]
[WhiteElo "2477"]
[BlackElo "2391"]
[PlyCount "75"]
[EventDate "2009.11.14"]
[EventType "tourn"]
[EventRounds "9"]
[EventCountry "CHI"]
[EventCategory "6"]
[Source "lmi"]
[SourceDate "2009.11.14"]

1. d4 Nf6 2. Nf3 g6 3. c4 Bg7 4. g3 O-O 5. Bg2 d6 6. O-O Nbd7 7. Nc3 e5 8. e4
exd4 9. Nxd4 a6 10. h3 Rb8 11. a4 Nc5 12. Be3 Re8 13. Qc2 Qe7 14. Rfe1 c6 15.
a5 Ne6 16. Nb3 h5 17. Rad1 Nd7 18. Nd4 h4 19. g4 Ne5 20. Nce2 Nxd4 21. Bxd4 Be6
22. f4 c5 23. Bxe5 dxe5 24. f5 Bd7 25. g5 Bf8 26. Nc3 Bc6 27. f6 Qc7 28. Nd5
Bxd5 29. exd5 e4 30. Qf2 Re5 31. Qxh4 Qxa5 32. d6 Rd8 33. Rxe4 Rxe4 34. Qxe4 b5
35. d7 Qa4 36. Qd5 bxc4 37. Qxf7+ Kh8 38. Qxf8+ 1-0

[Event "5. Torneo ITT Espacio ENDESA 2009"]
[Site "Santiago de Chile CHI"]
[Date "2009.11.18"]
[Round "5.5"]
[White "Llorens Sepulveda, Marcelo"]
[Black "Alonso, Salvador"]
[Result "1/2-1/2"]
[WhiteElo "2347"]
[BlackElo "2506"]
[PlyCount "143"]
[EventDate "2009.11.14"]
[EventType "tourn"]
[EventRounds "9"]
[EventCountry "CHI"]
[EventCategory "6"]
[Source "lmi"]
[SourceDate "2009.11.14"]

1. e4 c5 2. Nf3 Nc6 3. d4 cxd4 4. Nxd4 Qc7 5. Nc3 e6 6. g3 a6 7. Bg2 Nf6 8. O-O
Nxd4 9. Qxd4 Bc5 10. Qd3 Ng4 11. Bf4 Ne5 12. Bxe5 Qxe5 13. Kh1 Qc7 14. f4 b5
15. e5 Bb7 16. Bxb7 Qxb7+ 17. Qe4 Qxe4+ 18. Nxe4 Be7 19. Rfd1 f5 20. Nd6+ Bxd6
21. Rxd6 Ke7 22. Rad1 Ra7 23. c3 h6 24. h4 Rc8 25. Kg2 a5 26. R1d4 Rb7 27. Kf3
Rc5 28. Ke3 g5 29. hxg5 hxg5 30. Rd2 gxf4+ 31. gxf4 b4 32. cxb4 axb4 33. R6d4
Ra5 34. b3 Rc5 35. Rc4 Rxc4 36. bxc4 b3 37. axb3 Rxb3+ 38. Rd3 Rb1 39. Rc3 Kd8
40. Ra3 Re1+ 41. Kf3 Rc1 42. Ra4 Rc3+ 43. Ke2 Kc7 44. Ra7+ Kc6 45. Ra6+ Kc5 46.
Ra7 Rxc4 47. Ke3 Rc3+ 48. Kd2 Rf3 49. Ra4 Rb3 50. Ra7 Kc6 51. Ke2 Rb7 52. Ra5
Rb5 53. Ra7 Rb7 54. Ra5 Kb6 55. Ra1 Kc5 56. Rd1 Rb4 57. Ke3 Re4+ 58. Kf3 Rd4
59. Rc1+ Kd5 60. Ke3 Re4+ 61. Kf3 Ra4 62. Rd1+ Rd4 63. Re1 Rd3+ 64. Kf2 Kd4 65.
Re2 Rh3 66. Re1 Rd3 67. Re2 Kc3 68. Re1 Kc2 69. Ra1 Rd1 70. Ra7 Rd2+ 71. Ke3
Rd3+ 72. Ke2 1/2-1/2

[Event "5. Torneo ITT Espacio ENDESA 2009"]
[Site "Santiago de Chile CHI"]
[Date "2009.11.19"]
[Round "6.1"]
[White "Sepulveda Herrera, Job Rodrigo"]
[Black "Alonso, Salvador"]
[Result "1/2-1/2"]
[WhiteElo "2354"]
[BlackElo "2506"]
[PlyCount "31"]
[EventDate "2009.11.14"]
[EventType "tourn"]
[EventRounds "9"]
[EventCountry "CHI"]
[EventCategory "6"]
[Source "lmi"]
[SourceDate "2009.11.14"]

1. e4 c5 2. Nf3 Nc6 3. d3 g6 4. g3 Bg7 5. Bg2 e5 6. O-O Nge7 7. Nbd2 O-O 8. Re1
d6 9. a4 h6 10. Nc4 Be6 11. c3 Qc7 12. Nfd2 Rad8 13. Qe2 b6 14. Ne3 d5 15. c4
dxc4 16. dxc4 1/2-1/2

[Event "5. Torneo ITT Espacio ENDESA 2009"]
[Site "Santiago de Chile CHI"]
[Date "2009.11.19"]
[Round "6.2"]
[White "Arancibia Guzman, Eduardo"]
[Black "Llorens Sepulveda, Marcelo"]
[Result "1-0"]
[WhiteElo "2391"]
[BlackElo "2347"]
[PlyCount "105"]
[EventDate "2009.11.14"]
[EventType "tourn"]
[EventRounds "9"]
[EventCountry "CHI"]
[EventCategory "6"]
[Source "lmi"]
[SourceDate "2009.11.14"]

1. e4 c5 2. Nf3 Nc6 3. d4 cxd4 4. Nxd4 Nf6 5. Nc3 e5 6. Nf5 d5 7. exd5 Bxf5 8.
dxc6 bxc6 9. Qf3 Qd7 10. Bg5 e4 11. Qe2 Qe6 12. Qc4 Qxc4 13. Bxc4 Be7 14. O-O-O
O-O 15. h3 h6 16. Bh4 g5 17. Bg3 Rfd8 18. Be5 Bg6 19. Rhe1 Rxd1+ 20. Rxd1 Re8
21. a3 Nh5 22. Bd4 Nf4 23. Bf1 a5 24. Na4 Ne6 25. Bb6 Bf6 26. c3 Nf4 27. Rd6
Nd5 28. Rxc6 Nxb6 29. Nxb6 Kg7 30. Nc4 Be7 31. Nxa5 f5 32. Nc4 f4 33. a4 h5 34.
a5 g4 35. hxg4 hxg4 36. a6 Bg5 37. a7 e3 38. fxe3 fxe3 39. Rxg6+ Kxg6 40. Be2
Ra8 41. Ne5+ Kf5 42. Nc6 Ke6 43. Bxg4+ Kd6 44. Kc2 Kc7 45. Bf3 Kb6 46. b4 Re8
47. Kd1 Bf6 48. c4 Bc3 49. c5+ Kb7 50. b5 Bg7 51. Ke2 Bf8 52. b6 Bxc5 53. Nb8+
1-0

[Event "5. Torneo ITT Espacio ENDESA 2009"]
[Site "Santiago de Chile CHI"]
[Date "2009.11.19"]
[Round "6.3"]
[White "Felgaer, Ruben"]
[Black "Valenzuela Fuentealba, Luis"]
[Result "1-0"]
[WhiteElo "2573"]
[BlackElo "2477"]
[PlyCount "99"]
[EventDate "2009.11.14"]
[EventType "tourn"]
[EventRounds "9"]
[EventCountry "CHI"]
[EventCategory "6"]
[Source "lmi"]
[SourceDate "2009.11.14"]

1. e4 c5 2. Ne2 d6 3. g3 g6 4. Bg2 Bg7 5. c3 Nc6 6. d4 cxd4 7. cxd4 Nf6 8. Nbc3
O-O 9. O-O Bd7 10. h3 e5 11. Be3 exd4 12. Nxd4 a6 13. Nde2 Be6 14. Rc1 Qa5 15.
Qxd6 Rfd8 16. Qc5 Qxc5 17. Bxc5 Nd7 18. Be3 Nb4 19. b3 Ne5 20. a3 Nbd3 21. Rb1
Rac8 22. f4 Nf3+ 23. Rxf3 Bxc3 24. Bb6 Rd6 25. f5 gxf5 26. exf5 Bxf5 27. Rxf5
Rxb6 28. Rf3 Re6 29. Rxd3 Rxe2 30. Bxb7 Rc7 31. Bxa6 Ra2 32. a4 Bb4 33. Bc4 Re7
34. Rf3 Rd7 35. Rd3 Re7 36. Rf1 Kh8 37. Rd5 Re3 38. Rd3 Re7 39. g4 h5 40. gxh5
Kg7 41. Rdf3 Kh6 42. Rxf7 Re5 43. R7f6+ Kg5 44. R6f3 Kh4 45. Rf4+ Kg5 46. Kh1
Kxh5 47. Bf7+ Kh6 48. Rxb4 Ree2 49. Rh4+ Kg7 50. Rg4+ 1-0